Dielo
| Titel: | Dielo / Alexander Matuška |
|---|---|
| Teil: | 4. Osobne a neosobne |
| Verfasser: | |
| Ausgabe: | V tomto výbere 1. vyd. |
| Veröffentlicht: | Bratislava : Tatran, 2014 |
| Umfang: | 542 S. |
| Format: | Buch |
| Sprache: | Slowakisch |
| Schriftenreihe/ mehrbändiges Werk: |
Dielo / Alexander Matuška ; 4 alle Bände anzeigen
Zlatý fond slovenskej literatúry ; 101 |
| ISBN: | 9788022207164 |
| Hinweise zum Inhalt: |
Inhaltsverzeichnis
|
alg: 36810791 001A $03004:22-12-15 001B $01999:09-06-23 $t22:48:47.000 001C $03004:22-12-15 $t12:00:09.000 001D $03004:22-12-15 001U $0utf8 001X $00 002@ $0Afu 003@ $0368107914 003O $0933287384 $aOCoLC 004A $A978-80-222-0716-4 007A $0368107914 $aHEB 007G $0DE020980508C190239958C1257F380036CAE8 009P $qapplication/pdf $A2 $3Inhaltsverzeichnis $uhttp://scans.hebis.de/HEBCGI/show.pl?36810791_toc.pdf $mV:DE-603;B:DE-Mb50 010@ $aslo 011@ $a2014 021A $aOsobne a neosobne 028A $7 $8Matuška, Alexander [Tnx] $9162534175 032@ $aV tomto výbere 1. vyd. 033A $pBratislava $nTatran 034D $a542 S. 036C $a@Dielo $x14 $hAlexander Matuška $l4 036D $x14 $8@Dielo / Alexander Matuška $9014216043 036E $aZlatý fond slovenskej literatúry $l101 036F $x3101 $8Zlatý fond slovenskej literatúry $9191166235 $l101 045F $a809 $eDDC23BSB 045F/01 $a809 045F/03 $g4373 045F/03 $g4371 045G $a900.94373 $eDDC23BSB 045G/01 $a900 045G/03 $g4373 lok: 36810791 24 101B $022-12-15 $t12:00:09.000 101C $022-12-15 101U $0utf8 145Z/01 $a24 10 E 145Z/02 $a23 10 E 145Z/03 $a24 5 Fa exp: 36810791 24 1 #EPN 201B/01 $022-12-15 $t12:00:09.000 201C/01 $022-12-15 201U/01 $0utf8 203@/01 $076518656X 208@/01 $a22-12-15 $bz 209A/01 $a15.09870 $du $f050 $h15 09870 $x00 209C/01 $a15.09870 K $h15 09870 K 209G/01 $a73599482 $x00 220C/01 $akon 244Z/01 $8--Tnx--Matuška, Alexander $x01 $9162534175 247C/01 $8358050-7Marburg, Bibliothek des Herder-Instituts Marburg $9102600961
| LEADER | 00000cam a2200000 cc4500 | ||
|---|---|---|---|
| 001 | 368107914 | ||
| 003 | DE-603 | ||
| 005 | 20230609224847.0 | ||
| 007 | tu | ||
| 008 | 151222s2014 xx |||| | u00||u|slo c | ||
| 020 | |a 9788022207164 | ||
| 035 | |a (DE-599)HEB368107914 | ||
| 035 | |a (OCoLC)933287384 | ||
| 040 | |a DE-603 |b ger |c DE-603 |d DE-603 | ||
| 041 | |a slo | ||
| 082 | 0 | 4 | |8 1\u |a 809 |q DE-101 |2 23/BSB |
| 083 | 0 | |8 2\u |a 900.94373 |q DE-101 |2 23/BSB | |
| 085 | |8 1\u |b 809 | ||
| 085 | |8 1\u |z 2 |s 4373 | ||
| 085 | |8 1\u |z 2 |s 4371 | ||
| 085 | |8 2\u |b 900 | ||
| 085 | |8 2\u |z 2 |s 4373 | ||
| 100 | 1 | |a Matuška, Alexander |0 (DE-603)162534175 | |
| 245 | 0 | 0 | |a Dielo |n 4 |p Osobne a neosobne |c Alexander Matuška |
| 250 | |a V tomto výbere 1. vyd. | ||
| 264 | 1 | |a Bratislava |b Tatran |c 2014 | |
| 300 | |a 542 S. | ||
| 490 | 1 | |a Zlatý fond slovenskej literatúry |v 101 | |
| 773 | 0 | 8 | |q 14 |w (DE-603)014216043 |
| 830 | 0 | |t Zlatý fond slovenskej literatúry |v 101 |w (DE-603)191166235 |w (DE-600)1146947-X |9 3101 |7 as | |
| 856 | 4 | 2 | |m V:DE-603;B:DE-Mb50 |q application/pdf |u http://scans.hebis.de/HEBCGI/show.pl?36810791_toc.pdf |3 Inhaltsverzeichnis |
| 924 | 0 | |9 Mb 50 |a (DE-603)76518656X |b DE-Mb50 |c HES |d c |g 15.09870 | |
alle Bände anzeigen

